[Event "56th Rubinstein Memorial C 2020"]
[Site "Polanica Zdroj"]
[Date "2020.08.21"]
[Round "7.1"]
[White "Mazalon, Mariusz"]
[Black "Podgorski, Maciej"]
[Result "0-1"]
[WhiteElo "1980"]
[BlackElo "1810"]
[Annotator "TA"]
[PlyCount "174"]
[EventDate "2020.08.15"]
[EventType "swiss"]
[EventCountry "POL"]
[SourceTitle "playchess.com"]
[Source "ChessBase"]
[SourceQuality "1"]

{[%evp 12,174,14,8,36,24,69,8,11,14,19,18,16,0,9,0,5,-15,0,-8,12,-6,-2,-28,30,24,34,25,71,59,55,-16,-17,-24,-25,-26,11,0,31,14,24,-43,-16,-108,-99,-126,-120,-108,-131,-126,-73,-83,-15,-54,-54,-54,-54,-54,-54,-54,-54,-54,-54,-54,-54,-54,-54,-54,-54,-356,-335,-356,-339,-322,-307,-248,-121,-369,-306,-845,-988,-629,-586,-805,-795,-783,-697,-633,-355,-616,-615,-600,-600,-600,-579,-385,-8,-8,-8,-8,0,0,0,0,0,-29942,-29944,-29946,-29945,-9807,-4437,-29951,-29954,-29951,-29955,-29953,-29953,-12798,-11393,-29972,-29964,-29978,-29980,-29984,-29985,-29986,-29984,-29984,-29985,-29985,-29985,-29985,-29978,-29978,-29979,-29978,-29973,-29975,-29974,-29974,-29976,-29976,0,-29974,-29975,-29975,-29969,-29969,-29970,-29975,-29974,-29970,-12814,-29981,-29982,-29982,-29983,-29984,-29985,-29991,-29992,-29996,-29990,-29997,-29998]} 1. d4 Nf6 2. Nf3 g6 3. c4 Bg7 4. Nc3 O-O 5. Bg5 d6 6. e3 c5 7. d5 {is the new trend.} Bg4 {E61: King's Indian: Early deviations for White, including Smyslov System.} 8. Be2 Nbd7 9. O-O (9. e4 $14) 9... h6 $11 {The position is equal.} 10. Bh4 g5 11. Bg3 Nh5 12. Rc1 {[#]} f5 $146 ({Predecessor:} 12... Nxg3 13. hxg3 f5 14. b3 Ne5 15. Nxe5 Bxe2 16. Qxe2 Bxe5 17. e4 f4 18. gxf4 gxf4 {0-1 (29) Szulgacz,M (1800)-Karpinski,B (1804) Pieczyska 2007}) 13. Nd2 Bxe2 14. Qxe2 Nxg3 15. hxg3 a6 16. a3 Qe8 17. g4 Ne5 (17... fxg4 $142 18. Qxg4 Ne5 19. Qe6+ Qf7) 18. gxf5 Rxf5 19. f4 gxf4 20. exf4 Ng6 21. Qe6+ (21. g3 $1 $14) 21... Qf7 {White must now prevent ...Qxe6.} 22. Qxf7+ Rxf7 23. g3 Raf8 24. Nf3 Bf6 25. b4 Rc8 $1 26. Nb1 ({Better is} 26. Na4 $11) 26... h5 27. Rc2 (27. bxc5 $11 {remains equal.} Rxc5 28. Nbd2) 27... h4 $17 28. f5 Ne5 29. Nxe5 Bxe5 30. gxh4 Rg7+ (30... Rh7 $142 31. bxc5 Rxh4 32. cxd6 Bxd6) 31. Kf2 Bg3+ ({Black should try} 31... cxb4 $17 {Strongly threatening ...b3.} 32. axb4 Rg4) 32. Ke3 Bxh4 33. Nd2 Bg5+ 34. Kd3 Bxd2 35. Kxd2 $15 {[%mdl 4096] Endgame KRR-KRR} Rg2+ 36. Kc3 cxb4+ 37. axb4 Rxc2+ {[%mdl 64] Overworked Piece} 38. Kxc2 Rxc4+ {[%mdl 64] Double Attack. KR-KR} 39. Kb3 Rd4 {And now ...Kf7 would win.} 40. Rc1 $2 {[%mdl 8192]} (40. f6 $1 $15 Kf8 41. fxe7+ Kxe7 42. Rh1) 40... Rxd5 $19 41. Rc7 Kf7 ({Weaker is} 41... Rxf5 42. Rxb7 Kf7 43. Ra7 $17) 42. Rxb7 Rxf5 43. Ra7 Rf3+ 44. Kb2 $2 (44. Ka4 $17) 44... Ke6 45. Rxa6 $2 (45. Kc2 Rf7 46. Rxa6) 45... Kd5 46. Ra7 e5 47. Rc7 {Now b5 and White clings on.} Kd4 48. b5 Rf2+ 49. Kb3 d5 50. b6 {Hoping for b7.} Rf6 51. b7 Rb6+ 52. Kc2 e4 53. Rh7 e3 $2 ({Black should play} 53... Rb5 $19 {aiming for ...Kc5.} 54. Rc7 Ke5) 54. Re7 $11 Rb5 55. Rc7 Ke4 56. Re7+ Kf3 57. Kd3 Rb3+ 58. Kd4 $2 {[%mdl 8192] Black keeps a firm grip on the game.} (58. Kc2 $11 Rb6 59. Kd3 Rb3+ 60. Kc2) 58... e2 59. Rf7+ Kg2 60. Re7 Kf1 (60... Kf2 $142 61. Kxd5 Rxb7 $1 {[%mdl 576] Promotion} 62. Rxb7 e1=Q 63. Rf7+ Kg3) 61. Rf7+ Ke1 62. Kxd5 {[#]} Kd2 $1 ({Inferior is} 62... Kd1 63. Re7 $11) 63. Re7 {[#]} Rxb7 $1 {[%mdl 576] Promotion} 64. Rxb7 e1=Q $19 {( -> ...Qh1+). KQ-KR} 65. Kc6 Kc3 66. Kc7 Kc4 67. Kb8 Qe5+ 68. Ka7 Qa5+ 69. Kb8 Kc5 70. Rc7+ Kb6 71. Re7 Qd5 {[%cal Rd5d8]} 72. Kc8 Qf5+ 73. Kd8 Qf6 74. Kd7 Qc6+ 75. Kd8 Qd6+ 76. Ke8 Qf6 77. Kd7 $1 {intending Re6+.} Kc5 78. Re6 {[#]} Qf5 $1 79. Ke7 Kd5 80. Rf6 {[#]} Qg5 $1 81. Kf7 Ke5 (81... Qh5+ $142 82. Ke7 {[#]} Qh4 $1 {[%mdl 512]} 83. Kf7 Qh7+ 84. Ke8 Qg8+ 85. Ke7 Qg7+ 86. Rf7 Qe5+ 87. Kf8 Kd6 88. Rg7 Qf6+ 89. Kg8 Ke6 90. Kh7 Qh4+ 91. Kg6 Qf6+ 92. Kh7 Qh4+ 93. Kg6 Qf6+ 94. Kh7) 82. Rg6 Qh5 {Black mates.} 83. Kg7 Qh4 84. Rh6 Qe7+ 85. Kg6 Ke6 86. Rh5 Qf6+ 87. Kh7 Kf7 {Accuracy: White = 63%, Black = 76%.} 0-1

[Event "56th Rubinstein Memorial C 2020"]
[Site "Polanica Zdroj"]
[Date "2020.08.21"]
[Round "7.2"]
[White "Demski, Michal"]
[Black "Budnik, Mateusz"]
[Result "0-1"]
[WhiteElo "1617"]
[BlackElo "2033"]
[Annotator "TA"]
[PlyCount "70"]
[EventDate "2020.08.15"]
[EventType "swiss"]
[EventCountry "POL"]
[SourceTitle "playchess.com"]
[Source "ChessBase"]
[SourceQuality "1"]

{[%evp 12,70,47,6,14,8,0,0,9,9,29,14,19,0,22,-36,-33,-144,-141,-137,-139,-168,-158,-155,-170,-163,-171,-171,-126,-213,-116,-219,-214,-630,-624,-574,-566,-537,-380,-515,-363,-514,-89,-77,0,-8,0,-266,-250,-266,-272,-387,-347,-421,-375,-422,-427,-29997,-29998,-29998,-29999]} 1. e4 e6 2. d4 d5 3. exd5 exd5 4. Nf3 Bd6 5. c4 c6 6. Nc3 Ne7 7. cxd5 cxd5 {C01: French: Exchange Variation.} 8. Bd3 O-O 9. O-O Nbc6 {The position is equal.} 10. h3 a6 11. a3 Bc7 12. Qc2 {[#]} Ng6 $146 ({Predecessor:} 12... g6 13. Bh6 Re8 14. Rfe1 Qd6 15. Ne2 Bf5 16. Bf4 Qd8 17. Bxc7 Qxc7 18. Ng3 Bxd3 19. Qxd3 {½-½ (24) Rublevsky,S (2525)-Vakhidov,T (2470) Cheliabinsk 1993}) 13. Bd2 ({White should try} 13. Re1 $11) 13... Qd6 $15 {aiming for ...Nxd4!} 14. Ne2 {[#]} ({Only move:} 14. Rfe1 $15) 14... Bxh3 $1 $17 {[%mdl 512] Threatens to win with ...Bg4.} 15. gxh3 {[#] Hoping for Kh1.} Nh4 $1 {[%cal Rh4f3]} 16. Ne5 Nxd4 $1 {[%mdl 64] Remove Defender} 17. Nxd4 Qxe5 {[%csl Gc7][%cal Re5h2]} 18. f4 Qxd4+ $40 {[%mdl 128] Black wants a kill.} 19. Kh1 Rac8 {...Ba5! is the strong threat.} 20. Bxh7+ Kh8 {White must now prevent ...Ba5!} 21. Qd3 (21. Bc3 $17 Qe3 22. Bf5) 21... Qxb2 $19 {And now ...f5 would win.} 22. Qg3 $2 (22. Rab1 Qf6 23. Bc3) 22... Bd8 ({Not} 22... Qxd2 23. Qxh4 Bxf4 24. Rxf4 $16) 23. Bb4 Kxh7 (23... Re8 $2 24. Bd3 $19) 24. Bxf8 Rc2 25. Rab1 Qd4 26. Rb4 (26. Qxg7+ {was the only defense.} Qxg7 27. Bxg7 Kxg7 28. Rxb7) 26... Qf6 $2 (26... Nf5 $19 {[%cal Rf5g3]} 27. Qxg7+ Qxg7 28. Bxg7 Ng3+ {[%mdl 64] Double Attack} 29. Kg1 Nxf1 30. Kxf1 Kxg7 31. Rxb7 Bc7) 27. Qd3+ $17 {[#]} Qg6 (27... Qf5 $1 $17 {[%cal Rf5d3]} 28. Rd4 Qxd3 29. Rxd3 Nf5) 28. Qxg6+ $1 $11 Nxg6 29. Rxb7 $2 {[%mdl 8192]} (29. Bd6 $11 {and White is okay.}) 29... Nxf8 $19 30. Rxf7 Ne6 31. Re1 (31. Rd7 $142 Bc7 32. h4) 31... Nd4 {( -> ...Nf3)} 32. Rf1 Bf6 33. Rd7 Nf5 34. Re1 (34. Rg1 $19 d4 35. a4) 34... Ng3+ 35. Kg1 Bd4+ {Accuracy: White = 39%, Black = 78%.} 0-1

[Event "56th Rubinstein Memorial C 2020"]
[Site "Polanica Zdroj"]
[Date "2020.08.21"]
[Round "7.3"]
[White "Komendecki, Jacek"]
[Black "Komendecki, Antoni"]
[Result "1/2-1/2"]
[WhiteElo "2024"]
[BlackElo "1631"]
[Annotator "TA"]
[PlyCount "29"]
[EventDate "2020.08.15"]
[EventType "swiss"]
[EventCountry "POL"]
[SourceTitle "playchess.com"]
[Source "ChessBase"]
[SourceQuality "1"]

{[%evp 21,29,19,38,0,0,0,-4,0,2,-41]} 1. d4 Nf6 2. c4 e6 3. Nc3 b6 4. Nf3 Bb7 5. g3 Be7 6. Bg2 O-O 7. O-O d5 8. cxd5 Nxd5 9. Re1 Nxc3 10. bxc3 c5 11. e4 Nc6 12. Be3 {A30: Symmetrical English: Double Fianchetto and Hedgehog.} (12. d5 $5 {[%cal Rd5c6]}) 12... cxd4 {The position is equal.} 13. cxd4 Rc8 {Black wants to play ...Nb4.} 14. Rc1 {[#]} Nb4 $146 ({Predecessor:} 14... Na5 15. Qd3 Rxc1 16. Bxc1 Qc8 17. d5 Rd8 18. Nd4 Bf6 19. Nc2 Ba6 20. Qd1 Nc4 {0-1 (37) Epishin,V (2567)-Meijers,V (2478) Amsterdam 2000}) 15. Rxc8 {Not much happened in this game.} 1/2-1/2

[Event "56th Rubinstein Memorial C 2020"]
[Site "Polanica Zdroj"]
[Date "2020.08.21"]
[Round "7.5"]
[White "Lambrecht, Tomasz"]
[Black "Kozlowski, Pawel"]
[Result "0-1"]
[WhiteElo "1750"]
[BlackElo "1913"]
[Annotator "TA"]
[PlyCount "72"]
[EventDate "2020.08.15"]
[EventType "swiss"]
[EventCountry "POL"]
[SourceTitle "playchess.com"]
[Source "ChessBase"]
[SourceQuality "1"]

{[%evp 17,72,55,76,77,92,61,69,57,81,52,92,91,124,84,119,124,119,113,108,90,101,86,100,86,85,53,76,56,60,58,77,63,110,64,60,65,140,140,257,139,164,156,182,166,141,147,152,106,116,99,114,99,125,0,0,0,0]} 1. d4 Nf6 2. c4 g6 3. Nc3 Bg7 4. e4 d6 5. f3 O-O 6. Be3 Nc6 7. Nge2 e5 8. d5 Ne7 9. g4 Ne8 10. h4 {E85: King's Indian: Sämisch: 6...e5.} f5 {[#]} 11. Nc1 $146 ({Predecessor:} 11. g5 f4 12. Bf2 c5 13. Kd2 h5 14. a3 Bd7 15. b4 b6 16. Qb3 Nc7 17. Rb1 Nc8 {1-0 (38) Balashov,Y (2407)-Potapov,A (2329) Vladimir 2008}) 11... c6 12. Be2 {White is slightly better.} a6 13. h5 f4 14. Bf2 g5 15. a3 cxd5 16. cxd5 Bd7 17. Nb3 b5 18. Rc1 Rb8 19. Na2 a5 20. Qd2 Ra8 21. Na1 Bf6 22. Nc3 Qb8 23. b4 $36 {[%mdl 2048] White fights for an advantage.} axb4 24. axb4 Nc7 25. Qb2 Nc8 26. Nb3 Nb6 {[#]} (26... Bd8 $1 $14) 27. Na5 $1 $16 Na4 (27... h6 $16 28. O-O Nc8) 28. Qb3 (28. Nxa4 $18 {aiming for Nb6.} bxa4 29. Nc6) 28... Nxc3 29. Rxc3 Na6 30. O-O Bd8 31. Nc6 Qb7 32. Nxd8 Rfxd8 33. Rfc1 Rdc8 34. Rxc8+ Rxc8 35. Rc6 (35. Rxc8+ $16 Qxc8 36. Qa2) 35... Bxc6 $11 36. dxc6+ Qf7 {[%mdl 32768] Accuracy: White = 67%, Black = 65%. . Loss on time!?} 0-1

[Event "56th Rubinstein Memorial C 2020"]
[Site "Polanica Zdroj"]
[Date "2020.08.21"]
[Round "7.6"]
[White "Plichta, Krzysztof"]
[Black "Janzer, Hubert"]
[Result "0-1"]
[WhiteElo "1605"]
[BlackElo "1893"]
[Annotator "NA RC"]
[PlyCount "60"]
[EventDate "2020.08.15"]
[EventType "swiss"]
[EventCountry "POL"]
[SourceTitle "playchess.com"]
[Source "ChessBase"]
[SourceQuality "1"]
[TimeControl "40/5400+30:1800+30"]

1. e4 e6 2. Qe2 Be7 3. g3 d5 4. d3 c5 5. Bg2 Nc6 6. Nf3 {C00: French: Unusual White 2nd moves.} b6 7. b3 Bb7 8. Bb2 Nf6 9. O-O O-O 10. Nbd2 {[#]} a5 $146 ({Predecessor:} 10... Qc7 11. e5 Nd7 12. c4 d4 13. Rfe1 Rae8 14. a3 a5 15. Bc1 Ba8 16. Ne4 Ndxe5 17. Nxe5 Nxe5 {½-½ (35) Kovalevskaya,E (2466)-Halkias,S (2533) Moscow 2005}) 11. a4 Ra7 12. h4 Nb4 13. Rac1 Ba6 14. Nh2 dxe4 15. Nxe4 Nxe4 16. Bxe4 Bf6 17. Qh5 g6 18. Bxf6 Qxf6 19. Ng4 Qg7 20. Qe5 {[#]} f5 $1 {Double Attack} 21. Qxe6+ Kh8 22. Qxb6 (22. Bg2 {was necessary.} fxg4 23. Qxb6) 22... fxe4 23. dxe4 $19 Bxf1 24. Kxf1 Re7 25. Qxc5 Rxe4 26. Re1 Rxg4 27. Re7 Qf6 28. Qa7 Nc6 29. Rxh7+ Kg8 30. h5 Nxa7 0-1

[Event "56th Rubinstein Memorial C 2020"]
[Site "Polanica Zdroj"]
[Date "2020.08.21"]
[Round "7.7"]
[White "Lewandrowski, Tomasz"]
[Black "Kejna, Piotr"]
[Result "1-0"]
[WhiteElo "1879"]
[BlackElo "1767"]
[Annotator "NA RC"]
[PlyCount "91"]
[EventDate "2020.08.15"]
[EventType "swiss"]
[EventCountry "POL"]
[SourceTitle "playchess.com"]
[Source "ChessBase"]
[SourceQuality "1"]
[TimeControl "40/5400+30:1800+30"]

1. d4 {[%emt 0:00:00]} Nf6 {[%emt 0:00:00]} 2. Nf3 {[%emt 0:00:00]} g6 {[%emt 0:00:01]} 3. g3 {[%emt 0:00:37]} Bg7 {[%emt 0:00:16]} 4. Bg2 {[%emt 0:00:13]} d6 {[%emt 0:00:45]} 5. O-O {[%emt 0:00:36]} O-O {[%emt 0:01:16]} 6. c4 {[%emt 0:00:45]} c6 {[%emt 0:00:59]} 7. Nc3 {[%emt 0:02:01]} Nbd7 {[%emt 0:01:02]} 8. e4 {[%emt 0:05:33]} c5 {[%emt 0:03:42]} 9. d5 {[%emt 0:00:20]} Ng4 {[%emt 0:03:09]} 10. Qe2 {[%emt 0:06:01] E67: King's Indian: Fianchetto: 6...Nbd7.} Nge5 {[%emt 0:01:32]} 11. Nd2 {[%emt 0:02:27]} Nb6 {[%emt 0:01:03]} 12. h3 {[%emt 0:00:25] [#]} e6 $146 {[%emt 0:21:51]} ({Predecessor:} 12... Bd7 13. f4 Nexc4 14. Nxc4 Bxc3 15. bxc3 Bb5 16. Rd1 Bxc4 17. Qf2 Na4 18. Qc2 b5 {1-0 (55) Severcan,S (1842)-Kiziltas,Y (1898) Konya 2016}) 13. a4 {[%emt 0:04:50]} (13. f4 $16) 13... exd5 {[%emt 0:01:01]} 14. cxd5 {[%emt 0:00:20]} a5 {[%emt 0:03:47]} ({Better is} 14... f5 $14) 15. f4 {[%emt 0:04:53]} Ned7 {[%emt 0:00:20]} 16. Nb5 {[%emt 0:00:18]} Qe7 {[%emt 0:03:23]} 17. Re1 {[%emt 0:01:07]} Nf6 {[%emt 0:01:57]} 18. Nc4 {[%emt 0:05:07]} Nxc4 {[%emt 0:05:51]} 19. Qxc4 {[%emt 0:00:02]} Nd7 {[%emt 0:00:27]} 20. Qc2 {[%emt 0:03:29]} Nb6 {[%emt 0:09:31]} 21. Bd2 {[%emt 0:00:29]} Bd7 {[%emt 0:11:03]} 22. Bc3 {[%emt 0:06:35]} Bxb5 {[%emt 0:03:50]} 23. axb5 {[%emt 0:00:02]} a4 {[%emt 0:05:31]} 24. Bxg7 {[%emt 0:03:30]} Kxg7 {[%emt 0:00:15]} 25. Qc3+ {[%emt 0:00:10]} Kg8 {[%emt 0:00:53]} 26. e5 {[%emt 0:00:59]} Qd7 {[%emt 0:02:04]} 27. e6 {[%emt 0:03:26]} Qxb5 {[%emt 0:00:39]} 28. e7 {[%emt 0:00:19]} ({Better is} 28. f5 $1 $14) 28... Rfe8 {[%emt 0:00:33]} 29. f5 {[%emt 0:00:15]} Qc4 {[%emt 0:01:17]} 30. Qd2 {[%emt 0:03:09]} Nd7 {[%emt 0:15:40]} 31. Bf1 {[%emt 0:02:38]} Qb3 {[%emt 0:00:50]} 32. Re3 {[%emt 0:02:16]} Qb6 {[%emt 0:00:31]} 33. fxg6 {[%emt 0:01:12]} hxg6 {[%emt 0:00:37] [#]} 34. Rae1 $2 {[%emt 0:01:03]} (34. Bc4 $1 $16 {is necessary to keep the advantage.}) 34... c4 {[%emt 0:04:47]} 35. Kh1 {[%emt 0:00:39]} Qc5 {[%emt 0:01:06]} 36. Bg2 {[%emt 0:01:43]} Ra6 $2 {[%emt 0:01:00]} (36... a3 $15 {stays ahead.} 37. bxa3 Rxa3) 37. Re4 {[%emt 0:01:31]} Nf6 {[%emt 0:04:56]} 38. Rh4 {[%emt 0:02:07]} Qa5 {[%emt 0:00:21]} 39. Qd1 {[%emt 0:04:02]} Qc7 {[%emt 0:00:40]} 40. Qd4 {[%emt 0:00:00]} Nh5 {[%emt 0:00:00]} 41. Rxh5 {[%emt 0:05:09]} gxh5 {[%emt 0:01:59]} 42. Qf6 $18 {[%emt 0:00:21]} c3 {[%emt 0:10:48]} 43. Qg5+ {[%emt 0:02:21]} Kh8 {[%emt 0:00:06]} 44. Qxh5+ {[%emt 0:00:14]} Kg7 {[%emt 0:00:09]} 45. Qg5+ {[%emt 0:00:08]} Kh8 {[%emt 0:00:06]} 46. Re4 {[%emt 0:00:24]} 1-0

[Event "56th Rubinstein Memorial C 2020"]
[Site "Polanica Zdroj"]
[Date "2020.08.21"]
[Round "7.8"]
[White "Bartlomowicz, Jakub"]
[Black "Rudecki, Bartosz"]
[Result "1-0"]
[WhiteElo "1613"]
[BlackElo "1831"]
[Annotator "NA RC"]
[PlyCount "80"]
[EventDate "2020.08.15"]
[EventType "swiss"]
[EventCountry "POL"]
[SourceTitle "playchess.com"]
[Source "ChessBase"]
[SourceQuality "1"]
[TimeControl "40/5400+30:1800+30"]

1. e4 {[%emt 0:00:00]} e5 {[%emt 0:00:00]} 2. Nf3 {[%emt 0:00:00]} Nc6 {[%emt 0:00:25]} 3. Bc4 {[%emt 0:01:10]} Nf6 {[%emt 0:00:19]} 4. d3 {[%emt 0:00:38]} Be7 {[%emt 0:00:10]} 5. O-O {[%emt 0:00:39]} O-O {[%emt 0:00:09]} 6. c3 {[%emt 0:01:26]} d6 {[%emt 0:00:39]} 7. Re1 {[%emt 0:01:09]} Na5 {[%emt 0:00:22]} 8. Bb5 {[%emt 0:01:31]} a6 {[%emt 0:00:17]} 9. Ba4 {[%emt 0:00:06]} b5 {[%emt 0:00:02]} 10. Bc2 {[%emt 0:00:17]} c5 {[%emt 0:00:05]} 11. Nbd2 {[%emt 0:00:41]} Nc6 {[%emt 0:00:14]} 12. Nf1 {[%emt 0:00:48]} h6 {[%emt 0:01:11]} 13. h3 {[%emt 0:01:02]} Re8 {[%emt 0:00:11]} 14. Ng3 {C90: Closed Ruy Lopez with 7...d6: Early deviations.} Bf8 {[%emt 0:00:26]} 15. Be3 {[%emt 0:03:24]} g6 {[%emt 0:02:27]} (15... Bb7 $11) 16. Qd2 {[%emt 0:04:37]} Kh7 {[%emt 0:03:03]} 17. d4 {[%emt 0:00:45] [#]} cxd4 $146 {[%emt 0:05:33]} ({Predecessor:} 17... Bd7 18. d5 Na5 19. b3 Qc7 20. Nh2 Bg7 21. Rec1 Rec8 22. Bd1 Nb7 23. Ng4 Ng8 {1-0 (49) Babaev,R (2462)-Tishin,P (2407) Tula 2007}) 18. cxd4 {[%emt 0:00:38]} exd4 {[%emt 0:00:46]} 19. Nxd4 {[%emt 0:02:30]} Nxd4 {[%emt 0:02:46]} 20. Bxd4 {[%emt 0:00:31]} Bb7 {[%emt 0:02:28]} 21. Rad1 {[%emt 0:03:07]} Rc8 {[%emt 0:06:33]} 22. Bb3 {[%emt 0:03:46]} Nxe4 {[%emt 0:04:23]} 23. Qf4 {[%emt 0:03:55]} f5 {[%emt 0:03:24]} 24. Nxf5 {[%emt 0:00:28]} Qg5 {[%emt 0:00:59]} 25. Qxg5 {[%emt 0:01:08]} Nxg5 {[%emt 0:09:02]} 26. Ne3 {[%emt 0:02:22]} h5 {[%emt 0:05:55]} 27. Nd5 {[%emt 0:09:27]} Bg7 {[%emt 0:00:07]} 28. Nf6+ {[%emt 0:00:05]} Bxf6 29. Bxf6 Ne4 {[%emt 0:01:12]} 30. Bd4 {[%emt 0:00:55]} d5 {[%emt 0:03:19]} 31. Bb6 {[%emt 0:04:02]} Rc6 {[%emt 0:04:55]} 32. Ba7 {[%emt 0:05:30]} Rd6 {[%emt 0:08:06]} 33. f3 {[%emt 0:00:43]} Nf6 {[%emt 0:00:06]} 34. Rxe8 {[%emt 0:00:04]} Nxe8 {[%emt 0:00:03]} 35. Re1 {[%emt 0:00:05]} Bc6 {[%emt 0:00:50]} 36. Re7+ $18 {[%emt 0:00:17]} (36. Bc5 $142 Rd8 37. Re6) 36... Kg8 {[%emt 0:00:57]} 37. Bc5 {[%emt 0:00:11]} Rd8 {[%emt 0:06:04]} 38. Re6 {[%emt 0:00:27]} Bb7 {[%emt 0:00:49]} 39. Rxg6+ {[%emt 0:00:37]} Kh7 {[%emt 0:00:18]} 40. Bc2 Bc8 1-0

[Event "56th Rubinstein Memorial C 2020"]
[Site "Polanica Zdroj"]
[Date "2020.08.21"]
[Round "7.9"]
[White "Witkowski, Krzysztof"]
[Black "Szopa, Emilia"]
[Result "0-1"]
[WhiteElo "1791"]
[BlackElo "1628"]
[Annotator "NA RC"]
[PlyCount "60"]
[EventDate "2020.08.15"]
[EventType "swiss"]
[EventCountry "POL"]
[SourceTitle "playchess.com"]
[Source "ChessBase"]
[SourceQuality "1"]
[TimeControl "40/5400+30:1800+30"]

1. e4 {[%emt 0:00:00]} c5 {[%emt 0:00:00]} 2. d4 {[%emt 0:00:00]} cxd4 {[%emt 0:00:00]} 3. c3 {[%emt 0:00:00]} d5 {[%emt 0:06:13]} 4. Qxd4 {[%emt 0:00:00]} dxe4 {[%emt 0:01:32]} 5. Qxd8+ {[%emt 0:00:03]} Kxd8 {[%emt 0:00:03]} 6. Bc4 {[%emt 0:00:09]} f5 {[%emt 0:06:12]} 7. Nh3 {[%emt 0:03:19]} e5 {[%emt 0:05:47]} 8. Ng5 {[%emt 0:07:04]} Nh6 {[%emt 0:00:14]} 9. f3 {[%emt 0:00:11]} exf3 {[%emt 0:02:56]} 10. Nxf3 {[%emt 0:01:40]} Nc6 {[%emt 0:01:14]} 11. Bg5+ {[%emt 0:03:54]} Kc7 {[%emt 0:00:58]} 12. Nbd2 {[%emt 0:02:43]} Ng4 {[%emt 0:04:12]} 13. h3 {[%emt 0:01:01]} Nf6 {[%emt 0:00:07]} 14. O-O-O {[%emt 0:00:50]} Be7 {[%emt 0:11:53]} 15. Rhe1 {[%emt 0:02:03]} Bd6 {[%emt 0:09:09]} 16. Bb5 {[%emt 0:09:31]} e4 {[%emt 0:08:19]} 17. Nc4 {[%emt 0:12:41]} Bg3 {[%emt 0:05:18]} 18. Ng1 {[%emt 0:00:25]} h6 {[%emt 0:01:27]} 19. Ne2 {[%emt 0:04:48]} hxg5 {[%emt 0:03:17]} 20. Nxg3 {[%emt 0:00:30]} Be6 {[%emt 0:03:29]} 21. Nd6 {[%emt 0:22:46]} g6 {[%emt 0:04:14]} 22. Nxb7 {[%emt 0:06:24]} Kxb7 {[%emt 0:02:01]} 23. Rd6 {[%emt 0:00:08]} Nd8 {[%emt 0:02:19]} 24. Red1 {[%emt 0:02:12]} Kc7 {[%emt 0:00:37]} 25. Ne2 {[%emt 0:03:13]} Rg8 {[%emt 0:06:51]} 26. Ra6 {[%emt 0:01:04]} Nd7 {[%emt 0:01:56]} 27. Nd4 {[%emt 0:01:26]} Nc5 {[%emt 0:00:34]} 28. Nxe6+ {[%emt 0:00:10]} Ncxe6 {[%emt 0:02:41]} 29. Rd7+ {[%emt 0:08:05]} Kc8 {[%emt 0:00:49]} 30. b4 {[%emt 0:01:37]} Nc7 {[%emt 0:00:17]} 0-1

[Event "56th Rubinstein Memorial C 2020"]
[Site "Polanica Zdroj"]
[Date "2020.08.21"]
[Round "7.10"]
[White "Raczek, Krzysztof"]
[Black "Walkusz, Witoslaw"]
[Result "0-1"]
[WhiteElo "1712"]
[BlackElo "2092"]
[Annotator "TA"]
[PlyCount "90"]
[EventDate "2020.08.15"]
[EventType "swiss"]
[EventCountry "POL"]
[SourceTitle "playchess.com"]
[Source "ChessBase"]
[SourceQuality "1"]

{[%evp 17,90,-4,0,0,0,0,0,-23,-14,-31,-21,-34,-10,-16,-11,-16,0,-51,79,85,89,81,92,0,45,0,0,0,12,2,60,60,58,60,301,285,532,1,5,-9,-8,-13,0,-90,-43,-1556,-1769,-1574,-1471,-29960,-29963,-29963,-29964,-29964,-29965,-29965,-29966,-29966,-29967,-29962,-29966,-29964,-29968,-29966,-29968,-29968,-29969,-29967,-29967,-29983,-29984,-29984,-29985,-29985,-29986]} 1. c4 e5 2. Nc3 Nf6 3. Nf3 Nc6 4. d3 d5 5. cxd5 Nxd5 6. g3 Be7 7. Bg2 Be6 8. O-O O-O 9. a3 {was the old line (9.Bd2).} h6 10. Nxd5 {A29: English Opening: Four Knights Variation with 4 g3.} Bxd5 11. b4 a5 12. e4 {Black must now prevent b5.The position is equal.} Be6 13. b5 Nd4 {[#]} 14. Bb2 $146 ({Predecessor:} 14. Rb1 Bg4 15. Bb2 Bc5 16. Bxd4 Bxd4 17. Qc2 Bxf3 18. Bxf3 Qd6 19. a4 Rad8 20. Kg2 {0-1 (37) Pavlicek,P (1923)-Svatos,J (2310) Ricany 2017}) 14... Nb3 15. Rb1 a4 16. Nxe5 Nd4 17. f4 ({White should play} 17. Nc4 $11) 17... f6 (17... Bb3 $15 18. Qg4 Ra5) 18. Ng6 $36 {[%mdl 2048] White has strong initiative.} Re8 19. Nxe7+ Rxe7 20. Kh1 (20. Qd2 $16) 20... Rd7 (20... Bb3 $5 {[%cal Rb3d1]} 21. Qg4 Bc2 $11) 21. f5 Bb3 22. Qd2 Nxb5 23. e5 Rxd3 (23... fxe5 $11 24. Qe3 Rf7) 24. Qb4 $14 Nd4 $1 {[%cal Rd4c2]} 25. exf6 ({Reject} 25. Qxb7 Rb8 $15) 25... gxf6 $2 (25... Qxf6 $14 26. Rbe1 (26. Bxb7 Rb8 $17) (26. Qxb7 Re8 $14) 26... Rd8) 26. Qxb7 $18 c6 $2 (26... Rb8 27. Qe4 Nc2 28. Bxf6 Qxf6) 27. Bxd4 $2 (27. Rf4 $18 {White wants to mate with Rg4+.} h5 28. Rxd4 Rxd4 29. Bxd4) 27... Rxd4 $11 28. Rf4 Rxf4 29. gxf4 Bd5 {...Bxg2+ is the strong threat.} 30. Rg1 (30. Rd1 $1 $11 Bxg2+ 31. Kxg2 Qxd1 32. Qxa8+ Kg7 33. Qa7+ Kg8 34. Qa8+ Kg7 35. Qb7+ Kf8 36. Qxc6 Qg4+ 37. Kh1 Qd1+ 38. Kg2 Qg4+ 39. Kh1 Qd1+ 40. Kg2) 30... Kh8 $17 {Strongly threatening ...Rb8.} 31. h3 $2 {[%mdl 8192] White is on the road to losing.} (31. Qb2 $15) 31... Rb8 $19 32. Qa7 Rb2 {aiming for ...Qg8.} 33. Qc5 {[#]} Rxg2 $1 {Black mates.} 34. Rxg2 {[%mdl 4096] Endgame KQR-KQB} Qg8 $1 {[%csl Gd5][%cal Rg8g2][%mdl 64] Pin} 35. Qc2 Qxg2+ ({Weaker is} 35... Qg3 36. Kg1 $17) 36. Qxg2 Bxg2+ 37. Kxg2 {KP-KP} Kg7 38. Kf2 Kf7 39. Ke3 {[#]} Ke7 $1 {[%cal Re7d6]} 40. Kd4 Kd6 41. Kc4 c5 42. h4 h5 43. Kb5 Kd5 44. Kxa4 c4 45. Kb4 Kd4 {Accuracy: White = 63%, Black = 71%.} 0-1